000 00590cam a22002053a 4500
001 44388
003 PGUSA
005 20140828084020.0
008 131208s2013||||xxu|||||s|||||000 | eng d
040 _aPGUSA
_beng
042 _adc
100 1 _aDriesch, Hans,
_d1867-1941
245 1 4 _aThe Science and Philosophy of the Organism
_h[electronic resource] /
_cHans Driesch
260 _bProject Gutenberg,
_c2013
506 _aPublic domain in the USA.
516 _aElectronic text
830 0 _aProject Gutenberg
_v44388
856 4 0 _uhttp://www.gutenberg.org/ebooks/44388
942 _cEB
999 _c273639
_d273639